000 00373nam a2200145Ia 4500
008 151213s9999 xx 000 0 und d
100 _aAlan V. Upponheim
245 _aDigital Signal Processing
_cAlan V. Upponheim
260 _aNew Delhi
_bPHI Learning
_c1975
300 _a8561 p.
650 _aE.E.E.
650 _ascience
700 _aAlan V. Upponheim
999 _c4383
_d4383